Theory of Machines Kinematics and Dynamics (Record no. 61049)

MARC details
000 -LEADER
fixed length control field 00444nam a2200169Ia 4500
008 - FIXED-LENGTH DATA ELEMENTS--GENERAL INFORMATION
fixed length control field 230525s9999 xx 000 0 und d
020 ## - INTERNATIONAL STANDARD BOOK NUMBER
ISBN 978-93-80578-70-5
082 ## - DEWEY DECIMAL CLASSIFICATION NUMBER
Classification number 621.8
Item number GUP
100 ## - MAIN ENTRY--AUTHOR NAME
Personal name B.V.R. Gupta
245 #0 - TITLE STATEMENT
Title Theory of Machines Kinematics and Dynamics
250 ## - EDITION STATEMENT
Edition statement 1
260 ## - PUBLICATION, DISTRIBUTION, ETC. (IMPRINT)
Place of publication New Delhi
Name of publisher I.K.International
Year of publication 2013
300 ## - PHYSICAL DESCRIPTION
Number of Pages XXXVII,519p;
500 ## - GENERAL NOTE
General note Quantity Number: 1
650 ## - SUBJECT ADDED ENTRY--TOPICAL TERM
Topical Term Mechanics
942 ## - ADDED ENTRY ELEMENTS (KOHA)
Koha item type Books
Holdings
Lost status Damaged status Permanent Location Current Location Shelving location Date acquired Full call number Accession Number Koha item type
    Central Library, Trident Academy of Technology Central Library, Trident Academy of Technology General Stacks 05/25/2023 621.8 GUP 54200 Books
Trident Academy of Technology © 2023.
All rights reserved.                                                                                                                                                                                                        Designed by Team of Central Library .

Powered by Koha